| 000 | 00000nam##2200000za#4500 |
| 001 | 9.577884 |
| 003 | CaOODSP |
| 005 | 20210624185826 |
| 007 | cr ||||||||||| |
| 008 | 150406|1982||||xxc|||||o f|0| 0 eng|d |
| 022 | |a1488-5387 |
| 040 | |aCaOODSP|beng |
| 043 | |an-cn--- |
| 086 | 1 |aFs97-4/1666E-PDF |
| 110 | 1 |aCanada. |bDepartment of Fisheries and Oceans. |
| 245 | 14|aThe Newfoundland lobster fishery : |h[electronic resource]|ba review of statistics, stock status and current management considerations / |cby G.P. Ennis. |
| 260 | |aSt. John's - Newfoundland and Labrador : |bFisheries and Oceans Canada |cOctober 1982. |
| 300 | |a18p.|bgraphs, maps, references, table |
| 490 | 1 |aCanadian manuscript report of fisheries and aquatic sciences|x1488-5387|vNo. 1666 |
| 500 | |a"This is the sixth manuscript report from Fisheries Research Branch, St. John's, Newfoundland"--p.3 of 18. The catalogue number (Fs97-4/1666) and ISSN (0706-6473) for the print edition have been incorrectly copied in this electronic publication. |
| 546 | |a(Résumé en français) |
| 590 | |a13-25-Supp|b2013-10-28 |
| 690 | 07|aShellfish|2gcpds |
| 690 | 07|aFisheries management|2gcpds |
| 720 | 1 |aEnnis, G. P. |
| 830 | #0|aCanadian manuscript report of fisheries and aquatic sciences,|x1488-5387|vNo. 1666|w(CaOODSP)9.505211 |
| 856 | 40|ahttp://publications.gc.ca|qPDF|s550 KB|uhttps://publications.gc.ca/collections/collection_2013/mpo-dfo/Fs97-4-1666-eng.pdf|yNo. 1666 |